000
00295nam a22001337a 4500
008
170608b xxu||||| |||| 00| 0 eng d
020
_a
060446198
041
_a
eng
080
_a
32
100
_a
17
101
_a
SHP
245
_a
THE POLITICS OF BLACK AMERICA
_c
MORRIS, M.D
942
_2
udc
_c
BK
999
_c
16527
_d
16527